ピタッと駅名 Vol.1 - Statistics

General Stats
  • This quiz has been taken 9 times
  • The average score is 10 of 12
Answer Stats
Picture Answer % Correct
代々木八幡
100%
日野春
100%
明治神宮前
89%
目白山下
89%
中山寺
78%
春日原
78%
草津南
78%
小田急永山
78%
大阪狭山市
78%
発寒中央
67%
大麻生
67%
松尾八幡平
67%
No matching quizzes found
Score Distribution
Percent of People with Each Score
Percentile by Number Answered
Your Score History
You have not taken this quiz